Účtovanie o zmenkách
Vymedzenie pojmu zmenka a účtovanie o zmenkách podľa par. 15 opatrenia MF SR č. 23054/2002-92, ktorým sa ustanovujú podrobnosti o postupoch účtovania a rámcovej účtovej osnove pre podnikateľov účtujúcich v sústave podvojného účtovníctva v znení neskorších predpisov. Zmenky ako platobný prostriedok....
Na minha lista:
| Autor principal: | |
|---|---|
| Formato: | Capítulo de Livro |
| Idioma: | eslovaco |
| Assuntos: | |
| Tags: |
Sem tags, seja o primeiro a adicionar uma tag!
|
MARC
| LEADER | 00000naa$a2200000$$$4500 | ||
|---|---|---|---|
| 001 | 0054947 | ||
| 005 | 20231127092820.3 | ||
| 041 | 0 | |a slo | |
| 044 | |a SK | ||
| 245 | 1 | 0 | |a Účtovanie o zmenkách |c Ján Mintál |
| 520 | |a Vymedzenie pojmu zmenka a účtovanie o zmenkách podľa par. 15 opatrenia MF SR č. 23054/2002-92, ktorým sa ustanovujú podrobnosti o postupoch účtovania a rámcovej účtovej osnove pre podnikateľov účtujúcich v sústave podvojného účtovníctva v znení neskorších predpisov. Zmenky ako platobný prostriedok. Zmenka ako cenný papier. Zabezpečovacie zmenky. Eskont zmeniek. Ilustračné príklady. | ||
| 610 | 2 | 0 | |a účtovníctvo podvojné |
| 610 | 2 | 0 | |a prostriedky platobné |
| 610 | 2 | 0 | |a zmenky |
| 610 | 2 | 0 | |a papiere cenné |
| 610 | 2 | 0 | |a podnikatelia |
| 610 | 2 | 0 | |a účtovanie |
| 100 | 1 | |a Mintál, Ján | |